[Event "SVK-chT2A 1920"]
[Site "Slovakia"]
[Date "2019.10.26"]
[Round "1.3"]
[White "Kolcak, Marek"]
[Black "Lanc, Alois"]
[Result "0-1"]
[WhiteElo "2113"]
[BlackElo "2281"]
[PlyCount "42"]
[EventDate "2019.10.26"]
[EventType "team-tourn"]
[EventRounds "11"]
[EventCountry "SVK"]
[SourceTitle "CBM 193 Extra"]
[Source "ChessBase"]
[SourceDate "2020.01.31"]
[SourceVersion "1"]
[SourceVersionDate "2020.01.31"]
[SourceQuality "1"]
[WhiteTeam "Bratislava Slovan IV"]
[BlackTeam "Trnava Sered"]
[WhiteTeamCountry "SVK"]
[BlackTeamCountry "SVK"]

1. e4 c5 2. Nf3 Nc6 3. d4 cxd4 4. Nxd4 Nf6 5. Nc3 d6 6. Bg5 e6 7. Qd2 a6 8. 0-0-0 Bd7 9. Be2 Rc8 10. Qe3 Be7 11. f4 Nxd4 12. Qxd4 Qa5 13. e5 dxe5 14. fxe5 Bc6 15. Bf3 0-0 16. Bd2 Bxf3 17. gxf3 Rfd8 18. Qf4 Nd7 19. Rde1 Nb6 20. Re4 Rxc3 21. bxc3 Qxa2 0-1

[Event "SVK-chT2A 1819"]
[Site "Slovakia"]
[Date "2019.04.06"]
[Round "10.3"]
[White "Kolcak, Marek"]
[Black "Mydlarik, Martin"]
[Result "1-0"]
[WhiteElo "2117"]
[BlackElo "2130"]
[PlyCount "107"]
[EventDate "2018.10.13"]
[EventType "team-tourn"]
[EventRounds "11"]
[EventCountry "SVK"]
[SourceTitle "EXT 2020"]
[Source "ChessBase"]
[SourceDate "2019.10.17"]
[SourceVersion "1"]
[SourceVersionDate "2019.10.17"]
[SourceQuality "1"]
[WhiteTeam "Bratislava Slovan IV"]
[BlackTeam "Modra II"]
[WhiteTeamCountry "SVK"]
[BlackTeamCountry "SVK"]

1. e4 e6 2. d4 d5 3. Nc3 Bb4 4. e5 c5 5. a3 Bxc3+ 6. bxc3 Qc7 7. Qg4 Ne7 8. Qxg7 Rg8 9. Qxh7 cxd4 10. Ne2 dxc3 11. Qd3 Qxe5 12. Bf4 Qf5 13. Qxf5 Nxf5 14. Nxc3 Bd7 15. Rg1 Nc6 16. Bd3 Nfd4 17. 0-0-0 f6 18. Be3 Rc8 19. Kb2 Kf7 20. h4 Rh8 21. Rh1 e5 22. Nxd5 Be6 23. Nc3 Nf5 24. h5 Nxe3 25. fxe3 Na5 26. Nb5 Ke7 27. Nxa7 Rcg8 28. Rh2 Rh6 29. Nb5 Rg3 30. e4 Rg5 31. Be2 Bc4 32. g4 Bxe2 33. Rxe2 Rxg4 34. Nd6 Rxh5 35. Nf5+ Ke8 36. Kc3 Rh3+ 37. Rd3 Rxd3+ 38. cxd3 Kd7 39. Rh2 Rg1 40. Rh7+ Kc8 41. Nd6+ Kb8 42. Nb5 Rc1+ 43. Kd2 Rc6 44. Rf7 b6 45. Rf8+ Kb7 46. Nc3 Kc7 47. Nd5+ Kd6 48. Rxf6+ Kc5 49. Rf3 Kd4 50. Nb4 Rh6 51. Nc2+ Kc5 52. Kc3 Nc6 53. Rf5 Rh3 54. Nb4 1-0

[Event "SVK-chT1W 1819"]
[Site "Slovakia"]
[Date "2019.03.17"]
[Round "11.7"]
[White "Kolcak, Marek"]
[Black "Hlavina, Lubomir"]
[Result "1/2-1/2"]
[WhiteElo "2138"]
[BlackElo "2009"]
[PlyCount "81"]
[EventDate "2018.10.27"]
[EventType "team-tourn"]
[EventRounds "11"]
[EventCountry "SVK"]
[SourceTitle "CBM 189 Extra"]
[Source "ChessBase"]
[SourceDate "2019.06.03"]
[SourceVersion "1"]
[SourceVersionDate "2019.06.03"]
[SourceQuality "1"]
[WhiteTeam "Bratislava Slovan II"]
[BlackTeam "Nitra ASK"]
[WhiteTeamCountry "SVK"]
[BlackTeamCountry "SVK"]

1. e4 e6 2. d4 d5 3. Nc3 Nf6 4. e5 Nfd7 5. f4 c5 6. Nf3 Nc6 7. Be3 Qb6 8. a3 cxd4 9. Nxd4 Bc5 10. Na4 Qa5+ 11. c3 Bxd4 12. Bxd4 Nxd4 13. b4 Nf3+ 14. gxf3 Qd8 15. h4 a6 16. Qd4 b5 17. Nb2 Bb7 18. a4 Bc6 19. a5 Qc7 20. Kd2 h5 21. Re1 g6 22. Nd3 0-0-0 23. Rg1 Rhg8 24. Rg5 Kb8 25. Nc1 Bb7 26. Bd3 Qc6 27. Nb3 Ka8 28. Qg1 Rgf8 29. Nd4 Qc8 30. Ra1 Bc6 31. Qe3 Rfe8 32. Kc2 Nf8 33. Rgg1 Qb7 34. Rgb1 Rc8 35. Nb3 Nd7 36. Nd4 Nf8 37. Kb2 Rc7 38. Rg1 Rcc8 39. Rac1 Rc7 40. Rg5 Rcc8 41. Nb3 1/2-1/2

[Event "SVK-chT1W 1819"]
[Site "Slovakia"]
[Date "2018.10.27"]
[Round "1.6"]
[White "Kolcak, Marek"]
[Black "Koloditsova, Renata"]
[Result "1/2-1/2"]
[WhiteElo "2142"]
[BlackElo "1919"]
[PlyCount "85"]
[EventDate "2018.10.27"]
[EventType "team-tourn"]
[EventRounds "11"]
[EventCountry "SVK"]
[SourceTitle "CBM 187 Extra"]
[Source "ChessBase"]
[SourceDate "2018.11.04"]
[SourceVersion "1"]
[SourceVersionDate "2018.11.04"]
[SourceQuality "1"]
[WhiteTeam "Bratislava Slovan II"]
[BlackTeam "Gabcikovo MSK"]
[WhiteTeamCountry "SVK"]
[BlackTeamCountry "SVK"]

1. e4 e6 2. d4 d5 3. Nc3 Bb4 4. e5 c5 5. a3 Bxc3+ 6. bxc3 Ne7 7. Qg4 Qc7 8. Qxg7 Rg8 9. Qxh7 cxd4 10. Ne2 Nbc6 11. f4 dxc3 12. Qd3 Bd7 13. Qxc3 0-0-0 14. Rb1 Be8 15. Rg1 d4 16. Qd3 Nd5 17. g4 f6 18. exf6 e5 19. f5 Nxf6 20. g5 e4 21. Qb3 Bf7 22. Bf4 Qd7 23. Qb5 Nd5 24. Bh3 Rh8 25. Rg3 a6 26. Qb2 Nxf4 27. Nxf4 Qc7 28. g6 Bc4 29. g7 Rh4 30. f6+ Kb8 31. Ne6 Bxe6 32. Bxe6 Rxh2 33. g8Q Rh1+ 34. Kf2 Rxb1 35. Qxb1 Qf4+ 36. Kg2 Qd2+ 37. Kg1 Rxg8 38. Rxg8+ Ka7 39. Bh3 Ne5 40. Bg2 Qe3+ 41. Kh2 Qf4+ 42. Kh1 Qh6+ 43. Kg1 1/2-1/2

[Event "SVK-chT2A 1516"]
[Site "Slovakia"]
[Date "2016.02.14"]
[Round "9.2"]
[White "Kolcak, Marek"]
[Black "Takacs, Laszlo"]
[Result "1/2-1/2"]
[WhiteElo "2068"]
[BlackElo "2183"]
[PlyCount "122"]
[EventDate "2015.10.17"]
[EventType "team-tourn"]
[EventRounds "11"]
[EventCountry "SVK"]
[SourceTitle "EXT 2017"]
[Source "ChessBase"]
[SourceDate "2016.10.25"]
[SourceVersion "1"]
[SourceVersionDate "2016.10.25"]
[SourceQuality "1"]
[WhiteTeam "Bratislava Slovan IV"]
[BlackTeam "Velky Meder"]
[WhiteTeamCountry "SVK"]
[BlackTeamCountry "SVK"]

1. e4 c5 2. Nf3 e6 3. d4 cxd4 4. Nxd4 a6 5. Nc3 Qc7 6. Bd3 Nf6 7. 0-0 Bc5 8. Nb3 Be7 9. a4 d6 10. a5 Nbd7 11. Be3 Nc5 12. Nxc5 dxc5 13. b3 Bd7 14. f4 Bc6 15. e5 Nd5 16. Bd2 Nb4 17. Be4 0-0-0 18. Qc1 f5 19. Bxc6 Qxc6 20. Na4 Kb8 21. Rf3 Qe4 22. Bxb4 cxb4 23. Qe3 Qxe3+ 24. Rxe3 Rd5 25. Nb6 Rd2 26. Rd3 Bc5+ 27. Kh1 Rxd3 28. cxd3 Bxb6 29. axb6 Rc8 30. g4 fxg4 31. f5 exf5 32. d4 Rd8 33. Rd1 Rd5 34. Kg2 Kc8 35. Kf2 Kd7 36. Ke3 Kc6 37. Kf4 g6 38. Kg5 Rd8 39. Rc1+ Kd5 40. Rc7 Ke4 41. e6 f4 42. e7 Re8 43. Kf6 f3 44. Kf7 f2 45. Rc1 Rxe7+ 46. Kxe7 Kxd4 47. Kd6 h5 48. Rf1 Ke3 49. Kc7 h4 50. Rxf2 Kxf2 51. Kxb7 g3 52. hxg3 hxg3 53. Kxa6 g2 54. b7 g1Q 55. b8Q Qg4 56. Qb6+ Ke2 57. Ka5 g5 58. Qb5+ Kd2 59. Ka4 Qf4 60. Qd5+ Kc3 61. Qxg5 Qxg5 1/2-1/2

[Event "SVK-chT1W 1415"]
[Site "Slovakia"]
[Date "2015.03.01"]
[Round "9.5"]
[White "Kolcak, Marek"]
[Black "Berza, Stefan"]
[Result "0-1"]
[WhiteElo "2121"]
[BlackElo "2053"]
[PlyCount "68"]
[EventDate "2014.10.18"]
[EventType "team-tourn"]
[EventRounds "11"]
[EventCountry "SVK"]
[SourceTitle "EXT 2016"]
[Source "ChessBase"]
[SourceDate "2015.10.08"]
[SourceVersion "1"]
[SourceVersionDate "2015.10.08"]
[SourceQuality "1"]
[WhiteTeam "Bratislava Slovan III"]
[BlackTeam "Komarno KSC"]
[WhiteTeamCountry "SVK"]
[BlackTeamCountry "SVK"]

1. e4 c5 2. Nf3 Nc6 3. d4 cxd4 4. Nxd4 g6 5. Nc3 Bg7 6. Be3 Nf6 7. Nxc6 bxc6 8. e5 Nd5 9. Nxd5 cxd5 10. Qxd5 Rb8 11. Bc4 0-0 12. 0-0-0 Qc7 13. Bb3 Bxe5 14. Bxa7 Bxb2+ 15. Kxb2 Qxa7 16. h4 d6 17. h5 Be6 18. Qd4 Qxd4+ 19. Rxd4 Rfc8 20. hxg6 hxg6 21. Rdh4 Kg7 22. f4 Bd5 23. Rh7+ Kf6 24. Rd1 e6 25. g4 Ke7 26. Rd4 Rc5 27. Ra4 Rb7 28. Ka3 Bc6 29. Rc4 Bd5 30. Rxc5 dxc5 31. c4 Bf3 32. g5 Rd7 33. Bc2 Kd6 34. Ba4 Ra7 0-1

[Event "SVK-chT1W 1415"]
[Site "Slovakia"]
[Date "2014.10.18"]
[Round "1.5"]
[White "Kolcak, Marek"]
[Black "Pinter, Patrik"]
[Result "1-0"]
[WhiteElo "2121"]
[BlackElo "2125"]
[PlyCount "77"]
[EventDate "2014.10.18"]
[EventType "team-tourn"]
[EventRounds "11"]
[EventCountry "SVK"]
[SourceTitle "EXT 2016"]
[Source "ChessBase"]
[SourceDate "2015.10.08"]
[SourceVersion "1"]
[SourceVersionDate "2015.10.08"]
[SourceQuality "1"]
[WhiteTeam "Bratislava Slovan III"]
[BlackTeam "Nitra NSK"]
[WhiteTeamCountry "SVK"]
[BlackTeamCountry "SVK"]

1. e4 g6 2. d4 Bg7 3. Nc3 c5 4. Be3 Nc6 5. dxc5 Bxc3+ 6. bxc3 Qa5 7. Qd2 Nf6 8. Bd3 0-0 9. Ne2 Rd8 10. c4 Qxd2+ 11. Bxd2 d6 12. cxd6 Rxd6 13. Bc3 Nd7 14. f4 Nc5 15. Rd1 b6 16. e5 Rd7 17. 0-0 Ba6 18. f5 Rad8 19. e6 fxe6 20. fxe6 Rd6 21. Rf7 Nxe6 22. Rdf1 R6d7 23. Ng3 Rf8 24. Rxf8+ Nxf8 25. Be4 Bxc4 26. Bxc6 Rc7 27. Re1 Bxa2 28. Bb4 Rxc6 29. Rxe7 a5 30. Ba3 Bf7 31. Rb7 Re6 32. Bb2 a4 33. Bd4 h5 34. Bxb6 a3 35. Bd4 a2 36. Ra7 h4 37. Nf1 Re4 38. Bf6 Bc4 39. Rg7+ 1-0

[Event "SVK-chT1W 1213"]
[Site "Slovakia"]
[Date "2013.02.03"]
[Round "7.8"]
[White "Srna, Jan"]
[Black "Kolcak, Marek"]
[Result "1/2-1/2"]
[WhiteElo "1984"]
[BlackElo "2167"]
[PlyCount "65"]
[EventDate "2012.10.20"]
[EventType "team-tourn"]
[EventRounds "11"]
[EventCountry "SVK"]
[SourceTitle "EXT 2015"]
[Source "ChessBase"]
[SourceDate "2014.11.20"]
[SourceVersion "1"]
[SourceVersionDate "2014.11.20"]
[SourceQuality "1"]
[WhiteTeam "Pezinok"]
[BlackTeam "Bratislava Slovan II"]
[WhiteTeamCountry "SVK"]
[BlackTeamCountry "SVK"]

1. d4 d5 2. Nf3 Nf6 3. b3 e6 4. a3 Bd6 5. Bb2 b6 6. e3 0-0 7. c4 dxc4 8. bxc4 Bb7 9. Bd3 Nbd7 10. 0-0 Re8 11. h3 e5 12. Be2 exd4 13. exd4 Qe7 14. Nc3 Nh5 15. Bc1 Nf4 16. Bxf4 Bxf4 17. Bd3 c5 18. d5 Ne5 19. Nxe5 Bxe5 20. Rc1 Qf6 21. Ne4 Qf4 22. Ng3 Bb2 23. Rc2 Bxa3 24. Bxh7+ Kh8 25. Bf5 Qh6 26. Re2 Bb4 27. d6 g6 28. Rxe8+ Rxe8 29. Qa4 Qf8 30. Bd7 Ra8 31. Rd1 a5 32. Qc2 Rd8 33. Qa4 1/2-1/2